| 000 | 00000nas 2200000za 4500 |
| 001 | 9.860275 |
| 003 | CaOODSP |
| 005 | 20221107160443 |
| 007 | cr ||||||||||| |
| 008 | 180809d18681925oncuu p ol|||f0 a0eng|d |
| 022 | |l1487-1858 |
| 040 | |aCaOODSP|beng |
| 043 | |an-cn--- |
| 086 | 1 |aX12-3E-PDF |
| 110 | 1 |aCanada. |bParliament. |
| 245 | 10|aSessional papers of the Dominion of Canada |h[electronic resource]. |
| 246 | 1 |aSessional papers |
| 246 | 1 |aSessional papers of the ... Parliament of the Dominion of Canada |
| 260 | |aOttawa : |bKing's Printer, |c1868-1925. |
| 310 | |aIrregular |
| 362 | 1 |aBegan with Vol. 1 (1867/68), ceased publication in 1925. |
| 500 | |aMany reports not printed. |
| 500 | |aDigitized copy from print. |
| 525 | |a"Report of the Dominion fishery commission on the fisheries of the province of Ontario, 1893", issued as vol. 26, no. 7, supplement. |
| 525 | |aSupplements called "Alphabetical index to the sessional papers of the Parliament of Canada" accompany some no. |
| 530 | |aIssued also in print. |
| 546 | |aText partly in French; also issued in French with title: Documents de la session du Parlement du Canada. |
| 692 | 07|2gccst|aParliamentary procedure |